000 00686nam a2200205Ii 4500
003 JO-AjNU
008 230605s9999||||xx |||||||||||||| ||und||
017 _a1988/1092
040 _aJO-AjNU
_bara
_erda
_cJO-AjNU
041 _aara
050 1 4 _aDA69.3.L38.L3812 1988
100 3 _aلورنس، توماس ادوارد؛ ترجمة الناصر، عبد المنعم,
_eauthor
_98680
245 0 0 _aمختارات من رسائل لورنس
264 3 1 _aبغداد: (د.ن)، 1988
300 _a155ص
336 _atext
_btxt
_2rdacontent
337 _aunmediated
_bn
_2rdamedia
338 _avolume
_bnc
_2rdacarrier
650 4 _aعالم عربي- تاريخ- القرن 20
_98681
999 _aA912
_c4480
_d4480